Commutative ring theory / (Record no. 14542)
[ view plain ]
| 000 -LEADER | |
|---|---|
| fixed length control field | 00859pam a2200265 a 4500 |
| 001 - CONTROL NUMBER | |
| control field | TB12138 |
| 003 - CONTROL NUMBER IDENTIFIER | |
| control field | IN-BhIIT |
| 005 - DATE AND TIME OF LATEST TRANSACTION | |
| control field | 20250514142907.0 |
| 008 - FIXED-LENGTH DATA ELEMENTS--GENERAL INFORMATION | |
| fixed length control field | 850520s1986 enk b 001 0 eng |
| 020 ## - INTERNATIONAL STANDARD BOOK NUMBER | |
| ISBN | 9780521367646 (pbk) |
| 040 ## - CATALOGING SOURCE | |
| Original cataloging agency | IN-BhIIT |
| 041 1# - LANGUAGE CODE | |
| Language code of text | eng |
| 082 00 - DEWEY DECIMAL CLASSIFICATION NUMBER | |
| Classification number | 512.44 |
| Book number | MAT/C |
| 100 1# - MAIN ENTRY--AUTHOR NAME | |
| Personal name | Matsumura, Hideyuki |
| Relator term | Author |
| 245 10 - TITLE STATEMENT | |
| Title | Commutative ring theory / |
| Statement of responsibility, etc | Hideyuki Matsumura; translated by M. Reid. |
| 260 ## - PUBLICATION, DISTRIBUTION, ETC. (IMPRINT) | |
| Place of publication | New York, N.Y., U.S.A. : |
| Name of publisher | Cambridge University Press, |
| Year of publication | 1986. |
| 300 ## - PHYSICAL DESCRIPTION | |
| Number of Pages | xiii, 320 p. ; |
| Other physical details(ill.) | ill. ; |
| Dimensions(size) | 24 cm. |
| 490 ## - SERIES STATEMENT | |
| Series statement | Cambridge studies in advanced mathematics ; 8 |
| 500 ## - GENERAL NOTE | |
| General note | Translation of: Kakankanron. |
| 504 ## - BIBLIOGRAPHY, ETC. NOTE | |
| Bibliography, etc | Includes bibliographical references and index. |
| 650 #0 - SUBJECT ADDED ENTRY--TOPICAL TERM | |
| Topical Term | Commutative rings |
| Topical Term | Rings (Algebra). |
| Topical Term | Ring theory. |
| 942 ## - ADDED ENTRY ELEMENTS (KOHA) | |
| Koha item type | Text Book |
| Koha issues (borrowed), all copies | 2 |
| Withdrawn status | Lost status | Damaged status | Not for loan | Home library | Current library | Date acquired | Source of acquisition | Cost, normal purchase price | Full call number | Accession Number | Cost, replacement price | Price effective from | Koha item type |
|---|---|---|---|---|---|---|---|---|---|---|---|---|---|
| Not withdrawn | Not Lost | not damaged | Central Library, IIT Bhubaneswar | Central Library, IIT Bhubaneswar | 13/01/2025 | 51 | 5026.28 | 512.44 MAT/C | TB12138 | 6885.32 | 13/01/2025 | Text Book | |
| Not withdrawn | Not Lost | not damaged | Central Library, IIT Bhubaneswar | Central Library, IIT Bhubaneswar | 13/01/2025 | 51 | 5026.28 | 512.44 MAT/C | TB12139 | 6885.32 | 13/01/2025 | Text Book |